01052 a2200205 4500001000700000020001800007040003200025100001900057245003300076260001300109300003200122362000900154490003600163520056700199650002000766650000900786650002000795650001600815650001500831124595 a9780062381996 cEscola Canadense de Niteroi aPfeffer, Wendy10aWhat's it like to be a fish? aNew York a32 p.c9 x 0.3 x 7.8 inches0 a20150 aLet's-read-and-find-out science aYou can't breathe underwater, but a fish can. You can't eat underwater, but a fish does it every day. Named a Best Children's Science Book of the Year by Science Books & Films, this Level 1 Let's-Read-and-Find-Out picture book explains how a fish's body is perfectly designed for life in water. Now rebranded with a new cover look, this classic picture book features graceful text that invites young readers to imagine what it's like to have gills, fins, and scales. Simple, fun diagrams help explain concepts like how fish use their gills to breathe underwater. 4aOceans and Seas 4aFish 4aMarine animals  4aNon-Fiction 4aOcean life